<?xml version="1.0" encoding="UTF-8"?>
<record
    xmlns:xsi="http://www.w3.org/2001/XMLSchema-instance"
    xsi:schemaLocation="http://www.loc.gov/MARC21/slim http://www.loc.gov/standards/marcxml/schema/MARC21slim.xsd"
    xmlns="http://www.loc.gov/MARC21/slim">

  <leader>00655nam a22001817a 4500</leader>
  <controlfield tag="005">20180313115147.0</controlfield>
  <datafield tag="010" ind1=" " ind2=" ">
    <subfield code="a">B-663850</subfield>
  </datafield>
  <datafield tag="020" ind1=" " ind2=" ">
    <subfield code="a">9781101919699</subfield>
    <subfield code="c">1299.00</subfield>
  </datafield>
  <datafield tag="035" ind1=" " ind2=" ">
    <subfield code="a">B-663850</subfield>
  </datafield>
  <datafield tag="037" ind1=" " ind2=" ">
    <subfield code="b">Bookwell</subfield>
    <subfield code="a">dpl</subfield>
  </datafield>
  <datafield tag="082" ind1=" " ind2=" ">
    <subfield code="a">000</subfield>
  </datafield>
  <datafield tag="245" ind1=" " ind2=" ">
    <subfield code="a">Cracking the GRE premium 2017 edition /</subfield>
  </datafield>
  <datafield tag="260" ind1=" " ind2=" ">
    <subfield code="b">The Princeton Review</subfield>
    <subfield code="c">2017</subfield>
    <subfield code="a">Natick</subfield>
  </datafield>
  <datafield tag="270" ind1=" " ind2=" ">
    <subfield code="a"> 24 Prime Parkway, Suite 201</subfield>
    <subfield code="b">Natick</subfield>
    <subfield code="e"> MA 01760</subfield>
  </datafield>
  <datafield tag="300" ind1=" " ind2=" ">
    <subfield code="a">567p.:</subfield>
    <subfield code="b">ill.</subfield>
    <subfield code="c">27cm(pbk)</subfield>
  </datafield>
  <datafield tag="942" ind1=" " ind2=" ">
    <subfield code="2">ddc</subfield>
    <subfield code="c">EN</subfield>
    <subfield code="m">CRA</subfield>
    <subfield code="h">000</subfield>
  </datafield>
  <datafield tag="999" ind1=" " ind2=" ">
    <subfield code="c">150330</subfield>
    <subfield code="d">150330</subfield>
  </datafield>
  <datafield tag="952" ind1=" " ind2=" ">
    <subfield code="0">0</subfield>
    <subfield code="1">0</subfield>
    <subfield code="4">0</subfield>
    <subfield code="7">0</subfield>
    <subfield code="8">NFIC</subfield>
    <subfield code="a">AV</subfield>
    <subfield code="b">AV</subfield>
    <subfield code="d">2018-03-12</subfield>
    <subfield code="e">Bookwell-BL 1032/25.2.17/443/15.2.17/1.3.17</subfield>
    <subfield code="g">1299.00</subfield>
    <subfield code="l">9</subfield>
    <subfield code="m">3</subfield>
    <subfield code="o">000 CRA</subfield>
    <subfield code="p">B-663850</subfield>
    <subfield code="q">2023-06-17</subfield>
    <subfield code="r">2023-03-14 00:00:00</subfield>
    <subfield code="s">2023-03-14</subfield>
    <subfield code="t">1</subfield>
    <subfield code="v">1299.00</subfield>
    <subfield code="y">EN</subfield>
  </datafield>
</record>
